01326nam a2200241 a 450000100060000000300090000600800410001502000150005604000280007108200180009910000370011724500780015426000450023230000090027750502580028659001370054465000500068165000310073194200120076299900170077495201400079195201530093120530CO-ViMGA141112s2004 ck r 000 u spa d a8479037814 aCO-ViMGAbspacCO-ViMGA04a615.851 P656t1 aLópez Polonio, Begoña92969210aTerapia ocupacional en discapacitados físicos : bTeoría y práctica aMadrid : bMedica panAméricana, c2003 a352p aFundamentos para el tratamiento de la disfunción física en terapia ocupacional 13 - - Terapia ocupacional en procesos neurológicos 81 - - Terapia ocupacional en transtornos del aparato locomotor 173 - - Terapia ocupacional en otros supuestos 235  aForma de adquisición : Compra fact. 0533 - - Precio : 89000 - - Proveedor : Temas y libros - - Fecha de adquisición : Abril 200614aDISMINUIDOS FÍSICOS - REHABILITACION92969314aTERAPIA OCUPACIONAL955191 2ddccBK c29524d29524 00102ddc40708002aMEVIECARbMEVIECARd2015-12-04h19/jun/2012l0o615.851 P656t p25082r2015-12-04 00:00:00tEj. 2w2015-12-04yBK 00102ddc40708002aMEVIECARbMEVIECARd2015-12-04hVolumen. 1 | 11/jun/2009l0o615.851 P656t p20530r2015-12-04 00:00:00tEj. 1w2015-12-04yBK